=LDR 00000nam 2200000 4500 =001 INLIS000000000045786 =990 ##$$a 20901835 =990 ##$$a 21421776 =005 20240704085422 =990 ##$$a 21421772 =990 ##$$a 21421772 =035 ##$$a 0010-021500000000346 =990 ##$$a 21421773 =990 ##$$a 21421773 =008 240704################a##########0#ind## =990 ##$$a 21421774 =990 ##$$a 21421774 =020 ##$$a 978-979-010-460 =990 ##$$a 21421775 =990 ##$$a 21421775 =082 ##$$a 028.5 =990 ##$$a 21421776 =990 ##$$a 0001/BPAP-NTB/2016 =084 ##$$a 028.5 NAN l =990 ##$$a 0001/BPAP-NTB/2016 =990 ##$$a 20901842 =990 ##$$a 21306408 =100 #$$a Nanit, Bunda =990 ##$$a 20901842 =245 1#$$a Lintang si bintang /$c Bunda Nanit, jodhi p. giriarso =990 ##$$a 21306408 =990 ##$$a 1202000820 =260 ##$$a Jakarta :$b Bumi Aksara,$c 2008 =990 ##$$a 1202000820 =990 ##$$a 20901835 =300 ##$$a 32 hlm : $b ilus ; $c 19 x 18 cm =990 ##$$a 20901836 =990 ##$$a 20901836 =700 #$$a jodhi p. giriarso =990 ##$$a 21421772 =990 ##$$a 21421773 =990 ##$$a 21421774 =990 ##$$a 21421775 =990 ##$$a 21421776 =990 ##$$a 0001/BPAP-NTB/2016 =990 ##$$a 20901842 =990 ##$$a 21306408 =990 ##$$a 1202000820 =990 ##$$a 20901835 =990 ##$$a 20901836 =990 ##$$a 21421775 =990 ##$$a 21421772 =990 ##$$a 21421773 =990 ##$$a 21421774 =990 ##$$a 21421776 =990 ##$$a 0001/BPAP-NTB/2016 =990 ##$$a 20901842 =990 ##$$a 21306408 =990 ##$$a 1202000820 =990 ##$$a 20901835 =990 ##$$a 20901836